[Event "Moscow-ch sf"]
[Site "Moscow"]
[Date "2011.03.15"]
[Round "2"]
[White "Omariev, Maksim"]
[Black "Shmatkov, Mikhail"]
[Result "1-0"]
[WhiteElo "2340"]
[BlackElo "2163"]
[PlyCount "73"]
[EventDate "2011.03.13"]
[EventType "swiss"]
[EventRounds "9"]
[EventCountry "RUS"]
[SourceTitle "CBM 141 Extra"]
[Source "ChessBase"]
[SourceDate "2011.05.03"]
[SourceVersion "1"]
[SourceVersionDate "2011.05.03"]
[SourceQuality "1"]

1. d4 Nf6 2. c4 c5 3. d5 e6 4. Nc3 exd5 5. cxd5 d6 6. Nf3 g6 7. Bf4 a6 8. a4 Bg7 9. h3 Nh5 10. Bh2 f5 11. e3 0-0 12. Be2 f4 13. 0-0 fxe3 14. fxe3 Qe7 15. Qd3 Re8 16. e4 Nd7 17. Rae1 Bh6 18. Nd2 Ne5 19. Bxe5 Qxe5 20. Bxh5 Qd4+ 21. Qxd4 cxd4 22. Nc4 gxh5 23. Nxd6 Rf8 24. Nd1 Bd7 25. e5 Bxa4 26. e6 Rxf1+ 27. Rxf1 Bf8 28. Ne4 Bc2 29. Ndf2 Rd8 30. Nf6+ Kh8 31. N2e4 Be7 32. d6 Rxd6 33. Nxd6 Bxd6 34. Rf2 Bb3 35. Ne4 Bb4 36. Rf6 d3 37. Kf2 1-0

[Event "Moscow op"]
[Site "Moscow"]
[Date "2011.01.11"]
[Round "8"]
[White "Erzhanov, Arman"]
[Black "Shmatkov, Mikhail"]
[Result "1-0"]
[WhiteElo "2310"]
[BlackElo "2142"]
[PlyCount "100"]
[EventDate "2011.01.03"]
[EventType "swiss"]
[EventRounds "9"]
[EventCountry "RUS"]
[SourceTitle "CBM 140 Extra"]
[Source "ChessBase"]
[SourceDate "2011.03.01"]
[SourceVersion "1"]
[SourceVersionDate "2011.03.01"]
[SourceQuality "1"]

1. e4 c5 2. Nf3 Nc6 3. Bb5 e5 4. 0-0 Nf6 5. Re1 d6 6. c3 Qb6 7. Na3 Bg4 8. h3 Bh5 9. Bf1 0-0-0 10. b4 cxb4 11. cxb4 d5 12. exd5 Nxd5 13. Nc4 Qc7 14. g4 Bg6 15. b5 Ncb4 16. Nfxe5 Bc5 17. d4 Bc2 18. Qd2 Nf6 19. Bb2 Ne4 20. Qe3 Be7 21. a3 Bh4 22. Re2 Nd5 23. Qc1 Bxf2+ 24. Rxf2 Nxf2 25. Qxc2 f6 26. Qxf2 fxe5 27. dxe5 Kb8 28. Nd6 Rhf8 29. Qd4 Nf4 30. Rc1 Qe7 31. Qc5 Ne6 32. Qd5 Rd7 33. Qc4 Rc7 34. Qe4 Ng5 35. Rxc7 Qxc7 36. Qe2 Qb6+ 37. Kg2 Ne6 38. Bc1 Qc5 39. Bd2 Rf4 40. Nf5 Qd5+ 41. Kg1 Re4 42. Qf2 Qxe5 43. Bg2 Re2 44. Qf3 Nc5 45. Bf4 Ne6 46. Bd2 Qc5+ 47. Kh2 Qc7+ 48. Kg1 Qc5+ 49. Kh2 Qc7+ 50. Kg1 Qc5+ 1-0

[Event "Moscow op-D (Seniors)"]
[Site "Moscow"]
[Date "2009.02.07"]
[Round "9.27"]
[White "Semenov, Viktor2"]
[Black "Shmatkov, Mikhail"]
[Result "1/2-1/2"]
[WhiteElo "2109"]
[BlackElo "2185"]
[PlyCount "62"]
[EventDate "2009.01.30"]
[EventType "swiss"]
[EventRounds "9"]
[EventCountry "RUS"]
[SourceTitle "EXT 2023"]
[Source "ChessBase"]
[SourceDate "2022.10.05"]
[SourceVersion "1"]
[SourceVersionDate "2022.10.05"]
[SourceQuality "1"]

1. Nf3 Nf6 2. g3 d5 3. Bg2 Nc6 4. 0-0 e5 5. d3 Be7 6. b3 0-0 7. Bb2 d4 8. c4 Bg4 9. Nbd2 Qd7 10. Re1 Rfe8 11. a3 a5 12. Qc2 Bc5 13. Ng5 h6 14. Nge4 Nxe4 15. Nxe4 Be7 16. Nd2 Rab8 17. Nf1 Bf5 18. Be4 Be6 19. e3 Bc5 20. Bg2 f6 21. e4 b5 22. Nd2 Bf8 23. Rac1 b4 24. a4 Bc5 25. Rcd1 Nd8 26. Bc1 Nf7 27. Rf1 Ng5 28. Rde1 Kh8 29. Nf3 Bh3 30. Nxg5 Bxg2 31. Kxg2 fxg5 1/2-1/2

[Event "Moscow op-B"]
[Site "Moscow"]
[Date "2009.02.05"]
[Round "6"]
[White "Shmatkov, Mikhail"]
[Black "Grebennikov, Igor"]
[Result "0-1"]
[WhiteElo "2219"]
[BlackElo "1400"]
[PlyCount "110"]
[EventDate "2009.01.31"]
[EventType "swiss"]
[EventRounds "9"]
[EventCountry "RUS"]
[SourceTitle "EXT 2012"]
[Source "ChessBase"]
[SourceDate "2011.11.24"]
[SourceVersion "1"]
[SourceVersionDate "2011.11.24"]
[SourceQuality "1"]

1. e4 d6 2. d4 Nf6 3. Nc3 g6 4. f4 Bg7 5. Nf3 c5 6. dxc5 Qa5 7. Bb5+ Bd7 8. Bxd7+ Nbxd7 9. 0-0 Qxc5+ 10. Kh1 0-0 11. Qe2 Rac8 12. Bd2 a6 13. Rad1 b5 14. e5 dxe5 15. fxe5 Ng4 16. e6 Nde5 17. Nxe5 Nxe5 18. exf7+ Nxf7 19. a3 Kh8 20. Rfe1 Ne5 21. Be3 Qc4 22. Bd4 Qxe2 23. Rxe2 Nc6 24. Bxg7+ Kxg7 25. h3 Rcd8 26. Rd5 Rxd5 27. Nxd5 Rf1+ 28. Kh2 Kf7 29. Nc7 Nb8 30. Ne6 h6 31. Nd4 Rb1 32. c3 e5 33. Rf2+ Ke7 34. Nf3 Nd7 35. Re2 Ke6 36. Kg3 Kd6 37. Nd2 Rd1 38. Ne4+ Ke6 39. Kf3 Rd3+ 40. Kf2 Rd1 41. Ke3 Rd5 42. Rf2 Rd1 43. Ke2 Rb1 44. Kd3 Re1 45. Nd2 Nc5+ 46. Kc2 e4 47. Nb3 Nxb3 48. Kxb3 e3 49. Rf8 Ke5 50. c4 Kd4 51. Rd8+ Ke4 52. cxb5 axb5 53. Rb8 Rc1 54. Rxb5 e2 55. Rb8 Rc5 0-1

[Event "Moscow op-B"]
[Site "Moscow"]
[Date "2009.02.04"]
[Round "5"]
[White "Bereznev, Andrey"]
[Black "Shmatkov, Mikhail"]
[Result "0-1"]
[WhiteElo "2122"]
[BlackElo "2219"]
[PlyCount "68"]
[EventDate "2009.01.31"]
[EventType "swiss"]
[EventRounds "9"]
[EventCountry "RUS"]
[SourceTitle "EXT 2012"]
[Source "ChessBase"]
[SourceDate "2011.11.24"]
[SourceVersion "1"]
[SourceVersionDate "2011.11.24"]
[SourceQuality "1"]

1. d4 Nf6 2. c4 c5 3. d5 e6 4. Nc3 exd5 5. cxd5 d6 6. e4 g6 7. f4 Bg7 8. Nf3 0-0 9. Be2 b5 10. e5 dxe5 11. fxe5 Ng4 12. Bxb5 Nxe5 13. 0-0 Bg4 14. Be2 Nbd7 15. Bf4 Bxf3 16. Bxf3 Qb6 17. Qb3 Nd3 18. Qxb6 axb6 19. Bd6 Rfe8 20. Be2 Nxb2 21. Bb5 Ra7 22. Rac1 Re3 23. Rf3 Bd4 24. Kf1 Rxf3+ 25. gxf3 Ne5 26. Ne2 Nxf3 27. Rc2 Nd1 28. Bf4 Be5 29. Bxe5 Nxe5 30. Rd2 Ne3+ 31. Kf2 N3c4 32. Rc2 Nd6 33. Nc3 Ra3 34. Bc6 Rxc3 0-1

[Event "Moscow-ch final"]
[Site "Moscow"]
[Date "2008.05.08"]
[Round "1"]
[White "Shmatkov, Mikhail"]
[Black "Savchenko, Boris"]
[Result "0-1"]
[WhiteElo "2190"]
[BlackElo "2569"]
[PlyCount "50"]
[EventDate "2008.05.08"]
[EventType "k.o."]
[EventRounds "4"]
[EventCountry "RUS"]
[SourceTitle "CBM 124 Extra"]
[Source "ChessBase"]
[SourceDate "2008.07.03"]
[SourceVersion "1"]
[SourceVersionDate "2008.07.03"]
[SourceQuality "1"]

1. e4 c5 2. Nf3 d6 3. d4 cxd4 4. Nxd4 Nf6 5. Nc3 Nc6 6. Bc4 e6 7. Be3 a6 8. Qe2 Qc7 9. Bb3 Be7 10. 0-0-0 0-0 11. g4 Nxd4 12. Rxd4 b5 13. g5 Nd7 14. h4 Nc5 15. Kb1 Bd7 16. a3 a5 17. Nxb5 Bxb5 18. Qxb5 Rab8 19. Qe2 Nxb3 20. cxb3 Rxb3 21. Ka2 Rfb8 22. Bc1 Qb6 23. Ra4 Rc3 24. b4 Qc6 25. Bb2 Rc2 0-1

[Event "Moscow op"]
[Site "Moscow"]
[Date "2008.05.05"]
[Round "6"]
[White "Sakhvadze, Georgy"]
[Black "Shmatkov, Mikhail"]
[Result "1-0"]
[WhiteElo "2070"]
[BlackElo "2190"]
[PlyCount "89"]
[EventDate "2008.04.30"]
[EventType "swiss"]
[EventRounds "9"]
[EventCountry "RUS"]
[SourceTitle "CBM 124 Extra"]
[Source "ChessBase"]
[SourceDate "2008.07.03"]
[SourceVersion "1"]
[SourceVersionDate "2008.07.03"]
[SourceQuality "1"]

1. Nf3 Nf6 2. g3 d5 3. Bg2 Nc6 4. d3 e5 5. 0-0 Be7 6. Bg5 0-0 7. Bxf6 Bxf6 8. e4 d4 9. h3 Be6 10. Nbd2 Qd7 11. Kh2 Kh8 12. Nb3 b6 13. Qd2 h6 14. Nc1 a5 15. Ne2 Kh7 16. a3 Rad8 17. Nfg1 g5 18. b4 Qd6 19. bxa5 Nxa5 20. f4 gxf4 21. gxf4 exf4 22. Nf3 Nc6 23. Qxf4 Ne5 24. Kh1 Nxf3 25. Qxf3 Be5 26. Nf4 Rg8 27. Nxe6 fxe6 28. Qh5 Rd7 29. Rf2 Rg5 30. Rf7+ Bg7 31. Rxd7 Qxd7 32. Qh4 Be5 33. Qf2 Qe7 34. Rf1 Rg7 35. Bf3 Qxa3 36. Bg4 Qe7 37. Ra1 Rf7 38. Qg1 Qf6 39. Qg2 Rg7 40. Qf3 Qe7 41. Ra8 Rf7 42. Qg2 Qg5 43. Bxe6 Qc1+ 44. Qg1 Rf1 45. Bf5+ 1-0

[Event "Moscow op-B 04th"]
[Site "Moscow"]
[Date "2008.02.03"]
[Round "2"]
[White "Shmatkov, Mikhail"]
[Black "Rodnov, Sergey"]
[Result "1-0"]
[WhiteElo "2193"]
[BlackElo "1549"]
[PlyCount "65"]
[EventDate "2008.02.02"]
[EventType "swiss"]
[EventRounds "9"]
[EventCountry "RUS"]
[SourceTitle "CBM 122 Extra"]
[Source "ChessBase"]
[SourceDate "2008.03.04"]
[SourceVersion "1"]
[SourceVersionDate "2008.03.04"]
[SourceQuality "1"]

1. e4 c5 2. Nf3 d6 3. d4 cxd4 4. Nxd4 e5 5. Bb5+ Bd7 6. Bxd7+ Nxd7 7. Nf5 Nc5 8. Nc3 g6 9. Ne3 Nf6 10. f3 Nh5 11. 0-0 Nf4 12. g3 Nfe6 13. Ncd5 Rc8 14. c3 Bh6 15. Ng4 Bg5 16. Bxg5 Nxg5 17. Qd2 Ncxe4 18. fxe4 Nxe4 19. Ngf6+ Nxf6 20. Nxf6+ Ke7 21. Nd5+ Ke8 22. Qf2 f5 23. Qxa7 Rb8 24. Rad1 Rf8 25. Qa4+ Kf7 26. Qb4 b5 27. c4 bxc4 28. Qxc4 Rc8 29. Qb3 Rb8 30. Qc2 Rc8 31. Qf2 Qa5 32. b4 Qa6 33. a4 1-0